| 000 | 00736nmm a2200241Ia 4500 | ||
|---|---|---|---|
| 008 | 251105s9999||||xx |||||||||||||||||und|| | ||
| 020 | _a9788474857061 | ||
| 041 | _abaq | ||
| 100 | _aPagola, Rosa Miren | ||
| 245 | 0 | _aAntonio Zavalaren ohoretan : Herri literaturaz gogoeta | |
| 264 |
_a[Madrid, España] : _bUniversidad de Deusto, _c2000 |
||
| 300 | _a152 páginas | ||
| 490 | _aVerde - Euskal Herria | ||
| 650 | _aLiterary History | ||
| 700 | _aPagola, Rosa Miren | ||
| 700 | 1 | _a Pedrosa, José Manuel | |
| 700 | 1 | _a Cid, Jesús Antonio | |
| 700 | 1 | _a A., William Jr. Christian | |
| 700 | 1 | _a Zavala, Antonio | |
| 700 | 1 | _a Kalzakorta, Xabier | |
| 856 | _uhttps://public.digitaliapublishing.com/a/18088 | ||
| 942 | _cCF | ||
| 999 |
_c69669 _d69669 |
||